| 000 | 00533nam a2200169 i 4500 | ||
|---|---|---|---|
| 001 | 150116 | ||
| 003 | ES-MaACL | ||
| 005 | 20240608063002.0 | ||
| 007 | t| | ||
| 008 | 071026s1970 sp ||||1| cat d | ||
| 100 | 1 |
_aValls Jordá, Joan, _d1917-1989 _9112945 |
|
| 245 | 1 | 0 |
_aAntología de poemes premiats _b: (1962-1970) / _cJoan Valls Jordá. |
| 260 |
_aAlcoy : _bMonte de Piedad y Caja de Ahorros de Alcoy, _c1970. |
||
| 300 |
_a151 p. ; _c21 cm. |
||
| 852 |
_aES-MaACL _jC-41954 _bR.76958 |
||
| 999 |
_c150116 _d150116 |
||